| 000 | 00369nmm a2200145 a 4500 | ||
|---|---|---|---|
| 003 | AR-BaBNM | ||
| 005 | 20251128203105.0 | ||
| 008 | 033119s1933 ||||||||||||||000 | spa|| | ||
| 040 | _cAR-BaBNM | ||
| 100 | 1 | _aCarames Ferro, José M. | |
| 245 | 1 | 0 | _aCurso de derecho privado romano |
| 260 |
_a[S.l.] _bPenitenciaria Nacional _c1933 |
||
| 942 | _cBK | ||
| 998 | _cArchipretre | ||
| 999 |
_c1844 _d1844 |
||